000 00402cam a2200169ua 4500
020 _c4.00
041 _amal
_h
082 _a894.812
_bULH/MA
100 _aUlahannan, Mappila .
245 _aMalayalam guide 1964-66 /
_cUlahannan Mappila.
_hTextual Documents
260 _a :
_bUlahannan Mappila.
300 _a120 ; .
365 _a4.00
504 _a
942 _cBK
999 _c6173
_d6173